Cybersecurity: The Beginner's Guide: A comprehensive guide to getting started in cybersecurity.

Đã lưu trong:
Chi tiết về thư mục
Tác giả chính: Ozkaya, Erdal (Tác giả)
Định dạng: Không biết
Ngôn ngữ:Tiếng Anh
Được phát hành: Birmingham, UK: Packt Publishing. 2019.
Những chủ đề:
Các nhãn: Thêm thẻ
Không có thẻ, Là người đầu tiên thẻ bản ghi này!

MARC

LEADER 00000 a2200000 4500
003 CL-VaPUC
005 20230628145723.0
008 230622t2019 ||||| |||| 00| 0 eng d
999 |c 441156  |d 441154 
020 |a 978-1-78961-619-4 
040 |c Pontificia Universidad Católica de Valparaíso 
082 |2 22  |a 005.8 OZK 2019 
100 |a Ozkaya, Erdal   |9 883024  |e author 
245 |a Cybersecurity: The Beginner's Guide:   |b A comprehensive guide to getting started in cybersecurity. 
260 |a Birmingham, UK:   |b Packt Publishing.   |c 2019. 
300 |a 379 páginas. 
583 |k GC  |c 20230622 
650 0 |9 879380  |a Ciberseguridad   |x Aspectos fundamentales   |x Internet  
650 0 |9 883430  |a Seguridad cibernética  |x Conceptos básicos 
650 0 |9 354178  |a Seguridad  |x Redes informáticas   |x Inteligencia artificial 
650 0 |9 883431  |a Seguridad de la Tecnología de la Información (TI)  |x Ataques y amenazas cibernéticos  |x Hackers 
942 |2 ddc  |c BK 
952 |0 0  |1 0  |2 ddc  |4 0  |6 005_800000000000000_OZK_2019  |7 0  |8 A  |9 590554  |a BIBING  |b BIBING  |c GEN  |d 2023-06-22  |e 1  |g 32174.75  |i 5657822  |o 005.8 OZK 2019  |p 5657822  |r 2025-01-20  |t 3  |v 32174.75  |w 2023-06-22  |y BK  |k EIE 
952 |0 0  |1 0  |2 ddc  |4 0  |6 005_800000000000000_OZK_2019  |7 0  |8 A  |9 590555  |a BIBING  |b BIBING  |c GEN  |d 2023-06-22  |e 1  |g 32174.75  |i 5657823  |o 005.8 OZK 2019  |p 5657823  |r 2025-01-20  |t 4  |v 32174.75  |w 2023-06-22  |y BK  |k EIE 
952 |0 0  |1 0  |2 ddc  |4 0  |6 005_800000000000000_OZK_2019  |7 0  |8 A  |9 590556  |a BIBING  |b BIBING  |c GEN  |d 2023-06-22  |e 1  |g 32174.75  |i 5657820  |l 1  |m 3  |o 005.8 OZK 2019  |p 5657820  |q 2025-06-27  |r 2023-07-03  |s 2023-07-03  |t 1  |v 32174.75  |w 2023-06-22  |y BK  |k EIE 
952 |0 0  |1 0  |2 ddc  |4 0  |6 005_800000000000000_OZK_2019  |7 0  |8 A  |9 590557  |a BIBING  |b BIBING  |c GEN  |d 2023-06-22  |e 1  |g 32174.75  |i 5657821  |o 005.8 OZK 2019  |p 5657821  |r 2025-01-20  |t 2  |v 32174.75  |w 2023-06-22  |y BK  |k EIE